[Event "Dos Hermanas Internet qual-C 10th"]
[Site "ICC INT"]
[Date "2009.03.14"]
[Round "8"]
[White "Martins, Vinicius Tine"]
[Black "Moran Rodriguez, Luciano Rafael"]
[Result "1-0"]
[WhiteElo "1911"]
[BlackElo "2138"]
[PlyCount "107"]
[EventDate "2009.03.14"]
[EventType "swiss (blitz)"]
[EventRounds "12"]
[EventCountry "ESP"]
[SourceTitle "CBM 129 Extra"]
[Source "ChessBase"]
[SourceDate "2009.05.05"]
[SourceVersion "2"]
[SourceVersionDate "2009.05.20"]
[SourceQuality "1"]

1. c4 Nf6 2. Nc3 g6 3. e4 d6 4. d4 Bg7 5. Be2 0-0 6. h4 h5 7. Nf3 c5 8. d5 e6 9. Bg5 exd5 10. cxd5 Nbd7 11. 0-0 Qb6 12. Qc2 Re8 13. Nd2 a6 14. a4 Ne5 15. Nc4 Nxc4 16. Bxc4 Bd7 17. Be2 Ng4 18. Bxg4 Bxg4 19. f3 Bd7 20. a5 Qc7 21. f4 Bd4+ 22. Kh1 Bg4 23. f5 f6 24. Bd2 gxf5 25. exf5 Re7 26. Ne4 Rae8 27. Rae1 Kg7 28. Bc3 Bxc3 29. bxc3 Re5 30. Qd3 Qd7 31. Rf4 Rxf5 32. Ref1 Rxf4 33. Rxf4 f5 34. Ng5 Qe7 35. Ne6+ Kg8 36. Rxg4+ hxg4 37. Qxf5 Qxh4+ 38. Kg1 Qe1+ 39. Kh2 Qe5+ 40. Qxe5 dxe5 41. Kg3 Kf7 42. Nxc5 Rc8 43. Ne4 Kg6 44. Kxg4 Rc4 45. Kf3 Ra4 46. d6 Rxa5 47. c4 Ra3+ 48. Kf2 Rd3 49. c5 a5 50. Ke2 Rd4 51. Ke3 a4 52. Nc3 a3 53. Nb5 Rd5 54. Nxa3 1-0

[Event "Dos Hermanas Internet qual-A 10th"]
[Site "ICC INT"]
[Date "2009.03.13"]
[Round "8"]
[White "Moran Rodriguez, Luciano Rafael"]
[Black "Rodi, Luis Ernesto"]
[Result "0-1"]
[WhiteElo "2138"]
[BlackElo "2357"]
[PlyCount "104"]
[EventDate "2009.03.13"]
[EventType "swiss (blitz)"]
[EventRounds "12"]
[EventCountry "ESP"]
[SourceTitle "CBM 129 Extra"]
[Source "ChessBase"]
[SourceDate "2009.05.05"]
[SourceVersion "2"]
[SourceVersionDate "2009.05.20"]
[SourceQuality "1"]

1. e4 c5 2. c3 d6 3. d4 Nf6 4. Bd3 Nc6 5. Nf3 e5 6. 0-0 Bg4 7. dxe5 dxe5 8. Bc2 Be7 9. Qxd8+ Rxd8 10. Nbd2 0-0 11. h3 Bc8 12. Re1 a6 13. a4 Bd6 14. Nc4 Bc7 15. Bg5 Be6 16. Ne3 Rfe8 17. Rad1 Kf8 18. Ng4 Bxg4 19. hxg4 Rxd1 20. Rxd1 Nxg4 21. Nd2 h6 22. Bh4 g5 23. Bg3 Nf6 24. Bb3 Nh5 25. f3 Nxg3 26. Nc4 Rd8 27. Re1 f6 28. Kf2 Nh5 29. g3 Ng7 30. Ne3 Rd2+ 31. Re2 Rxe2+ 32. Kxe2 b5 33. axb5 axb5 34. Nd5 Bd8 35. Bc2 Ne6 36. Ke3 Nc7 37. Nb6 Ke7 38. b3 h5 39. Bd3 h4 40. gxh4 gxh4 41. Bf1 b4 42. cxb4 Nxb4 43. Bh3 Ne6 44. Nc4 Nf4 45. Bf5 Nc2+ 46. Kf2 Nd4 47. Bg4 Nxb3 48. Ne3 Nd4 49. Nf5+ Nxf5 50. Bxf5 c4 51. Ke3 Bb6+ 52. Kd2 h3 0-1

[Event "Valencia Autonomico Sur-B"]
[Site "Valencia"]
[Date "2009.01.31"]
[Round "4.1"]
[White "Moran Rodriguez, Luciano Rafael"]
[Black "Gutierrez Lucas, Jose Luis"]
[Result "0-1"]
[WhiteElo "2138"]
[BlackElo "2019"]
[PlyCount "36"]
[EventDate "2009.01.10"]
[EventType "team-tourn"]
[EventRounds "5"]
[EventCountry "ESP"]
[SourceTitle "EXT 2011"]
[Source "ChessBase"]
[SourceDate "2010.11.26"]
[SourceVersion "1"]
[SourceVersionDate "2010.11.26"]
[SourceQuality "1"]

1. e4 c6 2. d4 d5 3. exd5 cxd5 4. c4 Nf6 5. Nc3 g6 6. cxd5 Bg7 7. Qb3 0-0 8. Be2 Nbd7 9. Bf3 Nb6 10. h3 e6 11. dxe6 Bxe6 12. Qd1 Re8 13. Nge2 Nfd5 14. 0-0 Rc8 15. Nxd5 Nxd5 16. Bxd5 Bxd5 17. b3 Qf6 18. Be3 Qc6 0-1

[Event "Valencia Autonomico Sur-B"]
[Site "Valencia"]
[Date "2009.01.10"]
[Round "1.1"]
[White "Moran Rodriguez, Luciano Rafael"]
[Black "Arias Igual, Alejandro"]
[Result "1-0"]
[WhiteElo "2138"]
[BlackElo "2023"]
[PlyCount "103"]
[EventDate "2009.01.10"]
[EventType "team-tourn"]
[EventRounds "5"]
[EventCountry "ESP"]
[SourceTitle "EXT 2011"]
[Source "ChessBase"]
[SourceDate "2010.11.26"]
[SourceVersion "1"]
[SourceVersionDate "2010.11.26"]
[SourceQuality "1"]

1. e4 e6 2. d4 d5 3. e5 b6 4. c3 Qd7 5. h4 c5 6. h5 Ba6 7. Bxa6 Nxa6 8. Nf3 Nb8 9. g4 Nc6 10. Bg5 f6 11. Bf4 fxe5 12. Nxe5 Nxe5 13. Bxe5 Bd6 14. Bxd6 Qxd6 15. Qa4+ Qd7 16. Qxd7+ Kxd7 17. dxc5 bxc5 18. Nd2 Nh6 19. f3 Rhf8 20. 0-0-0 Kc6 21. Rhe1 Rae8 22. Re3 Rf4 23. Rde1 Kd6 24. c4 d4 25. Ra3 Nf7 26. Ne4+ Kc7 27. Rxa7+ Kb6 28. Rxf7 Rxf7 29. Nd6 Rfe7 30. Nxe8 Rxe8 31. f4 Kc6 32. a3 Kd6 33. Kc2 Rf8 34. Re4 Ra8 35. Kd3 Ra7 36. Re2 Rb7 37. b4 cxb4 38. axb4 Rxb4 39. Kxd4 Rb1 40. c5+ Kd7 41. Ra2 Rf1 42. Ra7+ Kc6 43. Rxg7 Rxf4+ 44. Ke5 Ra4 45. Kxe6 h6 46. Kf7 Kxc5 47. Kg8 Kd6 48. Kh7 Ke6 49. Kxh6 Ra5 50. Rb7 Ra8 51. Kg6 Rg8+ 52. Rg7 1-0

[Event "Benidorm op 20th"]
[Site "Benidorm"]
[Date "2007.04.23"]
[Round "2"]
[White "Saric, Ante"]
[Black "Moran Rodriguez, Luciano Rafael"]
[Result "1-0"]
[WhiteElo "2496"]
[BlackElo "2139"]
[PlyCount "103"]
[EventDate "2007.04.23"]
[EventType "swiss"]
[EventRounds "10"]
[EventCountry "ESP"]
[SourceTitle "CBM 118 Extra"]
[Source "ChessBase"]
[SourceDate "2007.07.04"]
[SourceVersion "1"]
[SourceVersionDate "2007.07.04"]
[SourceQuality "1"]

1. d4 d5 2. c4 e6 3. Nc3 c6 4. e3 Nf6 5. Nf3 Nbd7 6. Qc2 Bd6 7. Be2 0-0 8. 0-0 Qe7 9. e4 dxe4 10. Nxe4 Nxe4 11. Qxe4 f5 12. Qc2 e5 13. c5 Bb8 14. Bg5 Qe8 15. dxe5 Nxe5 16. Rfe1 Nxf3+ 17. Bxf3 Qg6 18. Qc4+ Kh8 19. Qh4 f4 20. h3 Bc7 21. Rad1 h6 22. Be7 Rg8 23. Bd6 Bd8 24. Qxf4 Bg5 25. Be4 Qf6 26. Qxf6 Bxf6 27. b3 Bd7 28. Kf1 Be8 29. Bf3 Bf7 30. Be5 Bxe5 31. Rxe5 Be8 32. Rd6 Rf8 33. Re7 Rb8 34. Be4 Rf7 35. Rxf7 Bxf7 36. Rd7 Kg8 37. Ke2 Kf8 38. Kd3 Be6 39. Rc7 Rd8+ 40. Ke3 Rd7 41. Rxd7 Bxd7 42. Kd4 Ke7 43. Ke5 b6 44. b4 Be8 45. f4 Kd7 46. g4 Bf7 47. a3 Kc7 48. f5 bxc5 49. bxc5 Bc4 50. h4 Kd7 51. f6 gxf6+ 52. Kxf6 1-0

[Event "Calvia op"]
[Site "Calvia"]
[Date "2006.10.16"]
[Round "6.7"]
[White "Uribe Arteaga, Daniel"]
[Black "Moran Rodriguez, Luciano Rafael"]
[Result "1-0"]
[WhiteElo "2202"]
[BlackElo "2130"]
[PlyCount "93"]
[EventDate "2006.10.11"]
[EventType "swiss"]
[EventRounds "9"]
[EventCountry "ESP"]
[SourceTitle "EXT 2007"]
[Source "ChessBase"]
[SourceDate "2006.11.23"]
[SourceVersion "1"]
[SourceVersionDate "2006.11.23"]
[SourceQuality "1"]

1. e4 c6 2. d3 d5 3. Nd2 e5 4. Ngf3 Nd7 5. g3 Ngf6 6. Bg2 dxe4 7. dxe4 Be7 8. 0-0 0-0 9. b3 Re8 10. Bb2 Bf8 11. Qe2 Qc7 12. a4 a5 13. Rfd1 Nc5 14. Nc4 Nfd7 15. Bh3 f6 16. Rd2 Nb8 17. Bxc8 Rxc8 18. Bc3 b6 19. Rad1 Nba6 20. g4 Rd8 21. g5 Nb4 22. gxf6 gxf6 23. Bxb4 axb4 24. Kh1 Kh8 25. Nh4 Rxd2 26. Nxd2 Ne6 27. Qg4 Nf4 28. Nc4 Rd8 29. Rg1 Bc5 30. Ne3 Qf7 31. Nhf5 Bxe3 32. fxe3 Ng6 33. h4 Ne7 34. Nh6 Qf8 35. Qh5 Ng6 36. Nf5 Qf7 37. Nh6 Qf8 38. Ng4 Rd6 39. Nh6 Rd8 40. Qf5 Ne7 41. Qh5 Ng6 42. Nf5 Qf7 43. Qf3 Qf8 44. h5 Ne7 45. Nxe7 Qxe7 46. h6 Rg8 47. Qf5 1-0

[Event "La Roda op 32nd"]
[Site "La Roda"]
[Date "2005.03.24"]
[Round "2"]
[White "Moran Rodriguez, Luciano Rafael"]
[Black "Del Rio de Angelis, Salvador Gabriel"]
[Result "0-1"]
[WhiteElo "2159"]
[BlackElo "2502"]
[PlyCount "124"]
[EventDate "2005.03.23"]
[EventType "swiss"]
[EventRounds "9"]
[EventCountry "ESP"]
[SourceTitle "CBM 105 Extra"]
[Source "ChessBase"]
[SourceDate "2005.05.01"]
[SourceVersion "1"]
[SourceVersionDate "2005.05.01"]
[SourceQuality "1"]

1. d4 Nf6 2. c4 e6 3. Nf3 c5 4. d5 exd5 5. cxd5 g6 6. Nc3 Bg7 7. g3 d6 8. Bg2 0-0 9. 0-0 a6 10. a4 Re8 11. Nd2 Nbd7 12. h3 Rb8 13. Nc4 Ne5 14. Na3 Nh5 15. Kh2 Bd7 16. f4 b5 17. axb5 axb5 18. Nc2 Nc4 19. Qd3 b4 20. Nd1 Bb5 21. Qf3 f5 22. Re1 Nf6 23. Nf2 Rb7 24. b3 Nb6 25. Bb2 Rbe7 26. e3 Nbxd5 27. g4 Ne4 28. Bxg7 Rxg7 29. Bf1 Bxf1 30. Nxe4 Rxe4 31. Rxf1 Nf6 32. gxf5 gxf5 33. Rg1 Rg6 34. Rg5 Rxg5 35. fxg5 Ne8 36. Qxf5 Re5 37. Qf3 Rxg5 38. e4 Qf6 39. Rf1 Qxf3 40. Rxf3 Re5 41. Rf4 d5 42. Rg4+ Kf7 43. exd5 Nf6 44. Rg2 Nxd5 45. Rf2+ Ke6 46. Kg2 Re4 47. Rd2 Ke5 48. Kf2 Nf4 49. h4 Ne6 50. Kg3 h5 51. Rd7 Re2 52. Na1 Ra2 53. Rd1 Nd4 54. Kh3 Ke4 55. Rc1 Ne2 56. Rc4+ Kd3 57. Rxc5 Rxa1 58. Rc4 Ke3 59. Rc5 Kf3 60. Rf5+ Nf4+ 61. Kh2 Ra2+ 62. Kg1 Kg3 0-1

[Event "Benidorm op U2300 03rd"]
[Site "Benidorm"]
[Date "2004.11.23"]
[Round "5"]
[White "Montilla Carrillo, Esteban"]
[Black "Moran Rodriguez, Luciano Rafael"]
[Result "1-0"]
[WhiteElo "2267"]
[BlackElo "2159"]
[PlyCount "98"]
[EventDate "2004.11.19"]
[EventType "swiss"]
[EventRounds "9"]
[EventCountry "ESP"]
[SourceTitle "CBM 103 Extra"]
[Source "ChessBase"]
[SourceDate "2005.01.01"]
[SourceVersion "1"]
[SourceVersionDate "2005.01.01"]
[SourceQuality "1"]

1. e4 c6 2. Nc3 d5 3. Nf3 Bg4 4. h3 Bxf3 5. Qxf3 e6 6. d3 Nf6 7. a3 Be7 8. g4 Na6 9. Bg2 Nc7 10. Bf4 b5 11. 0-0 0-0 12. Rfe1 Nfe8 13. Ne2 Bd6 14. e5 Be7 15. d4 f5 16. Qd3 g6 17. Rf1 Ng7 18. Bd2 a5 19. a4 b4 20. c3 Na6 21. Rac1 Qd7 22. c4 Nc7 23. cxd5 Nxd5 24. Rc2 Rfc8 25. Rfc1 Bd8 26. Rc4 Rab8 27. b3 Rb6 28. Rc5 Rb7 29. Qc2 Bb6 30. Rxc6 Rbc7 31. Rxc7 Rxc7 32. Qd3 Rxc1+ 33. Bxc1 Ne8 34. gxf5 gxf5 35. Bh6 Bd8 36. Qc4 Bb6 37. Kf1 Nec7 38. Bf3 Qe8 39. Ng3 Qg6 40. Bd2 Qe8 41. Nh5 Qa8 42. Nf6+ Kg7 43. Qd3 Qd8 44. Bxd5 Nxd5 45. Qg3+ Kf7 46. Bh6 Nxf6 47. Qg7+ Ke8 48. exf6 Bxd4 49. f7+ Ke7 1-0

[Event "Cullera op-A 25th"]
[Site "Cullera"]
[Date "2004.07.29"]
[Round "9"]
[White "Moran Rodriguez, Luciano Rafael"]
[Black "Mezcua Coronil, Felix"]
[Result "1/2-1/2"]
[WhiteElo "2163"]
[BlackElo "2230"]
[PlyCount "107"]
[EventDate "2004.07.??"]
[EventType "swiss"]
[EventRounds "9"]
[EventCountry "ESP"]
[SourceTitle "CBM 101 Extra"]
[Source "ChessBase"]
[SourceDate "2004.09.01"]
[SourceVersion "2"]
[SourceVersionDate "2004.09.01"]
[SourceQuality "1"]

1. d4 Nf6 2. Nf3 g6 3. g3 Bg7 4. Bg2 0-0 5. c4 d6 6. Nc3 Nc6 7. 0-0 Re8 8. h3 e5 9. d5 Nb8 10. b4 a5 11. bxa5 Rxa5 12. Nd2 b6 13. Nb3 Ra8 14. a4 Ba6 15. Nb5 Nbd7 16. a5 Qb8 17. Be3 Bxb5 18. cxb5 bxa5 19. Nxa5 Qxb5 20. Qd2 e4 21. Nc6 Rxa1 22. Rxa1 Nxd5 23. Nd4 Qb4 24. Qxb4 Nxb4 25. Ra7 Nd5 26. Nc6 f5 27. Bd2 Ne5 28. Nxe5 Bxe5 29. e3 c5 30. Bf1 Re7 31. Ra8+ Kg7 32. Ba5 Nf6 33. Bd8 Rb7 34. Bc4 Nd7 35. Bg5 h6 36. Be7 Nb6 37. Bf8+ Kh7 38. Ba6 Nxa8 39. Bxb7 Nb6 40. Kf1 h5 41. Be7 Kg7 42. Bd8 Nd7 43. g4 hxg4 44. hxg4 Bf6 45. Bc7 Be7 46. gxf5 gxf5 47. Bc8 Ne5 48. Bxf5 Nf3 49. Ke2 d5 50. Be6 d4 51. Bf5 d3+ 52. Kd1 Ng1 53. Bxe4 c4 54. Bxd3 1/2-1/2

[Event "Internet Section 09B g/8'+2\""]
[Site "Dos Hermanas"]
[Date "2004.03.09"]
[Round "2"]
[White "Hungaski, Robert Andrew"]
[Black "Moran Rodriguez, Luciano Rafael"]
[Result "1-0"]
[WhiteElo "2145"]
[BlackElo "2163"]
[PlyCount "93"]
[EventDate "2004.03.09"]
[EventType "swiss (blitz)"]
[EventRounds "9"]
[EventCountry "ESP"]
[SourceTitle "CBM 099 Extra"]
[Source "ChessBase"]
[SourceDate "2004.05.04"]
[SourceVersion "1"]
[SourceVersionDate "2004.05.04"]
[SourceQuality "1"]

1. d4 Nf6 2. c4 e6 3. Nc3 Bb4 4. Qc2 b6 5. e4 Bxc3+ 6. bxc3 d6 7. f4 e5 8. Bd3 Nc6 9. Nf3 exd4 10. cxd4 0-0 11. 0-0 Nb4 12. Qc3 Nxd3 13. Qxd3 Bb7 14. d5 Nd7 15. Be3 Re8 16. Rae1 f6 17. Bd4 c5 18. Bb2 Qc7 19. Nh4 Rad8 20. Nf5 Bc8 21. Qg3 Nf8 22. Bxf6 Rd7 23. e5 Ng6 24. e6 gxf6 25. exd7 Bxd7 26. Ne7+ Kf7 27. Nxg6 hxg6 28. Rxe8 Bxe8 29. Qh3 Kg7 30. Re1 Bf7 31. g4 b5 32. g5 fxg5 33. fxg5 Qd8 34. Qh6+ Kg8 35. cxb5 c4 36. Re6 Qf8 37. Qxf8+ Kxf8 38. Rxd6 c3 39. Rc6 Bxd5 40. Rxc3 Kf7 41. Ra3 Ke6 42. h4 Kf5 43. Ra4 Bf3 44. Kf2 Bd1 45. Rd4 Bc2 46. Kg3 Be4 47. Rd7 1-0

[Event "Internet Section 09A g/8'+2\""]
[Site "Dos Hermanas"]
[Date "2004.03.09"]
[Round "4"]
[White "Moran Rodriguez, Luciano Rafael"]
[Black "Sega, Carlos Alberto"]
[Result "1-0"]
[WhiteElo "2163"]
[BlackElo "2323"]
[PlyCount "45"]
[EventDate "2004.03.09"]
[EventType "swiss (blitz)"]
[EventRounds "9"]
[EventCountry "ESP"]
[SourceTitle "CBM 099 Extra"]
[Source "ChessBase"]
[SourceDate "2004.05.04"]
[SourceVersion "1"]
[SourceVersionDate "2004.05.04"]
[SourceQuality "1"]

1. d4 Nf6 2. c4 e6 3. Nf3 Bb4+ 4. Nbd2 b6 5. a3 Bxd2+ 6. Bxd2 Ba6 7. Qc2 c5 8. g3 0-0 9. Bg2 Bb7 10. 0-0 Be4 11. Qc3 Nc6 12. dxc5 bxc5 13. Rad1 a5 14. Be3 Qb6 15. Bg5 d5 16. Bxf6 d4 17. Bxd4 cxd4 18. Nxd4 Bxg2 19. Kxg2 Rfc8 20. Kg1 Ne5 21. b3 a4 22. Nb5 Qxb5 23. Rd8+ 1-0

[Event "Internet Section 09A g/8'+2\""]
[Site "Dos Hermanas"]
[Date "2004.03.09"]
[Round "1"]
[White "Moran Rodriguez, Luciano Rafael"]
[Black "Soppe, Guillermo"]
[Result "0-1"]
[WhiteElo "2163"]
[BlackElo "2435"]
[PlyCount "118"]
[EventDate "2004.03.09"]
[EventType "swiss (blitz)"]
[EventRounds "9"]
[EventCountry "ESP"]
[SourceTitle "CBM 099 Extra"]
[Source "ChessBase"]
[SourceDate "2004.05.04"]
[SourceVersion "1"]
[SourceVersionDate "2004.05.04"]
[SourceQuality "1"]

1. d4 Nf6 2. Nf3 e6 3. c4 b6 4. a3 Bb7 5. Nc3 d5 6. cxd5 Nxd5 7. Bg5 Be7 8. Bxe7 Qxe7 9. e3 0-0 10. Bd3 c5 11. dxc5 Nxc3 12. bxc3 Qxc5 13. 0-0 Nc6 14. Qa4 Rfd8 15. Rfd1 Ne5 16. Nxe5 Qxe5 17. Bxh7+ Kf8 18. Qh4 Rxd1+ 19. Rxd1 g6 20. Rd8+ Kg7 21. Bxg6 Kxg6 22. Rd4 Kg7 23. Qe7 Be4 24. f3 Bg6 25. e4 Rh8 26. h3 Rc8 27. Qb4 a5 28. Qb2 Qc5 29. Qf2 Qxc3 30. Rd7 Qc5 31. Qxc5 Rxc5 32. Rb7 Rb5 33. a4 Rb4 34. Kf2 Kf6 35. Ke3 Rb3+ 36. Kd4 Kg5 37. Kc4 Rb4+ 38. Kc3 f5 39. exf5 Bxf5 40. Rg7+ Kf4 41. Rg8 Rxa4 42. Rh8 Rb4 43. Rh6 Kg3 44. Rh8 Kxg2 45. h4 Kxf3 46. h5 Rh4 47. h6 b5 48. Rb8 b4+ 49. Kb3 Rxh6 50. Ka4 Rh4 51. Kxa5 e5 52. Ka4 Rd4 53. Kb3 e4 54. Kb2 e3 55. Rf8 Kf4 56. Re8 Re4 57. Rd8 e2 58. Rd1 exd1Q 59. Ka2 Re2# 0-1

[Event "Internet Section 07A g/8'+2\""]
[Site "Dos Hermanas"]
[Date "2004.03.07"]
[Round "3"]
[White "Moran Rodriguez, Luciano Rafael"]
[Black "Kryvoruchko, Yuriy"]
[Result "0-1"]
[WhiteElo "2163"]
[BlackElo "2413"]
[PlyCount "52"]
[EventDate "2004.03.07"]
[EventType "swiss (blitz)"]
[EventRounds "9"]
[EventCountry "ESP"]
[SourceTitle "CBM 099 Extra"]
[Source "ChessBase"]
[SourceDate "2004.05.04"]
[SourceVersion "1"]
[SourceVersionDate "2004.05.04"]
[SourceQuality "1"]

1. e4 c5 2. Nf3 Nc6 3. Bc4 e6 4. d3 d5 5. exd5 exd5 6. Bb3 Be7 7. 0-0 Nf6 8. Bg5 0-0 9. c3 Bg4 10. Nbd2 Re8 11. Re1 h6 12. Bh4 Qd7 13. Nf1 Rad8 14. h3 Bh5 15. Bc2 d4 16. c4 Bd6 17. Bxf6 gxf6 18. Ng3 Bxg3 19. fxg3 Qd6 20. Kh2 Ne5 21. Rf1 Nxf3+ 22. gxf3 Re3 23. Kg2 Rde8 24. Rf2 Bxf3+ 25. Rxf3 Qc6 26. Qf1 Rxf3 0-1